[Event "ENCI Limburg-open B"]
[Site "Maastricht"]
[Date "2009.06.01"]
[Round "6"]
[White "Sewalt, Vincent"]
[Black "Bruls, Peter"]
[Result "0-1"]
[WhiteElo "1954"]
[BlackElo "1837"]
[PlyCount "108"]
[EventDate "2009.05.29"]
[EventType "swiss"]
[EventRounds "7"]
[EventCountry "NED"]
[Source "P.Boonen"]
[SourceDate "2010.01.01"]

1. c4 c5 2. Nc3 Nc6 3. g3 Nf6 4. Bg2 g6 5. e3 Ne5 6. d3 d6 7. h3 Bg7 8. Nge2
O-O 9. O-O Rb8 10. a3 a6 11. f4 Ned7 12. a4 a5 13. Bd2 b6 14. Nb5 Bb7 15. e4
Ne8 16. Bc3 e5 17. Qc2 Bc6 18. Bd2 Bxb5 19. axb5 f6 20. Nc3 Nc7 21. Rf2 Qe7 22.
Raf1 Rbe8 23. h4 h6 24. Bh3 exf4 25. Bxf4 f5 26. exf5 g5 27. hxg5 hxg5 28. f6
Bxf6 29. Bxd7 Qxd7 30. Bc1 Bd4 31. Bxg5 Qg4 32. Bh4 Qf3 33. Ne4 d5 34. Nf6+
Rxf6 35. Bxf6 Qxf6 36. Kg2 Bxf2 37. Rxf2 Qd4 38. Qd2 dxc4 39. Rf4 Qd5+ 40. Kg1
Qe6 41. Re4 Qg6 42. Rxe8+ Nxe8 43. dxc4 Qxg3+ 44. Kf1 Qf3+ 45. Kg1 Qg4+ 46. Kh1
Qxc4 47. Qg5+ Ng7 48. Qd8+ Kh7 49. Qd7 Qc1+ 50. Kg2 Qxb2+ 51. Kh1 Qc1+ 52. Kg2
c4 53. Kf2 Qc2+ 54. Kg1 Qd3 0-1

[Event "ENCI Limburg-open B"]
[Site "Maastricht"]
[Date "2009.06.01"]
[Round "6"]
[White "Smeets, Wouter"]
[Black "Andriulevicius, Orestas"]
[Result "1/2-1/2"]
[WhiteElo "1877"]
[BlackElo "1772"]
[PlyCount "127"]
[EventDate "2009.05.29"]
[EventType "swiss"]
[EventRounds "7"]
[EventCountry "NED"]
[Source "P.Boonen"]
[SourceDate "2010.01.01"]

1. Nf3 c5 2. c4 Nc6 3. g3 g6 4. Bg2 Bg7 5. Nc3 d6 6. O-O Nf6 7. d3 O-O 8. Bd2
Bf5 9. h3 Nd7 10. Ne1 Be6 11. f4 f5 12. a3 Bf7 13. Rb1 e5 14. e3 e4 15. Nd5
exd3 16. Nxd3 Nf6 17. Qc2 Nxd5 18. cxd5 Ne7 19. Qc4 a6 20. a4 Rb8 21. a5 b5 22.
axb6 Qxb6 23. b4 cxb4 24. Rxb4 Qa7 25. Rfb1 Rfc8 26. Rxb8 Rxb8 27. Rxb8+ Qxb8
28. Qxa6 Nxd5 29. Kh2 Qe8 30. Qxd6 Nxe3 31. Bxe3 Qxe3 32. Ne5 Bxe5 33. fxe5 f4
34. Qd8+ Kg7 35. Qf6+ Kg8 36. Qxf4 Qe2 37. Qe4 Qxe4 38. Bxe4 Bb3 39. Kg2 Kf7
40. Kf3 Ke6 41. Kf4 Bc4 42. h4 Bb5 43. Bb7 Bd7 44. g4 h5 45. g5 Ke7 46. Bd5 Bc8
47. Ke4 Bd7 48. Kd4 Bc8 49. Kc5 Bd7 50. Kb6 Bf5 51. Kc5 Bd7 52. Be4 Be8 53. Kd4
Ke6 54. Bd3 Ke7 55. Bc4 Bd7 56. Kc5 Bf5 57. Bb3 Bd7 58. Bg8 Bf5 59. Kd5 Bg4 60.
e6 Bf5 61. Bf7 Bb1 62. Ke5 Bc2 63. Bg8 Bb3 64. Bf7 1/2-1/2

[Event "ENCI Limburg-open B"]
[Site "Maastricht"]
[Date "2009.06.01"]
[Round "6"]
[White "Smits, Benjamin"]
[Black "De Ridder, Dieter"]
[Result "1-0"]
[WhiteElo "1950"]
[BlackElo "1882"]
[PlyCount "69"]
[EventDate "2009.05.29"]
[EventType "swiss"]
[EventRounds "7"]
[EventCountry "NED"]
[Source "P.Boonen"]
[SourceDate "2010.01.01"]

1. e4 e6 2. d4 d5 3. e5 c5 4. c3 Nc6 5. Nf3 Qb6 6. a3 Nh6 7. b4 cxd4 8. cxd4
Nf5 9. Bb2 Bd7 10. g4 Nh6 11. Rg1 Na5 12. Nbd2 Be7 13. Bd3 Rc8 14. Rc1 O-O 15.
Rxc8 Rxc8 16. Qb1 Nc4 17. Nxc4 Rxc4 18. Bxc4 dxc4 19. Qc2 Qc6 20. Nd2 b5 21.
Ne4 Qd5 22. f3 f5 23. exf6 gxf6 24. h4 Kf7 25. Nc5 f5 26. g5 Bc6 27. Qe2 Ng8
28. h5 h6 29. g6+ Ke8 30. Nxe6 Bh4+ 31. Kd2 Kd7 32. Nc5+ Kd8 33. f4 Bf6 34. Qe6
c3+ 35. Bxc3 1-0

[Event "ENCI Limburg-open B"]
[Site "Maastricht"]
[Date "2009.06.01"]
[Round "6"]
[White "Sofic, Narcis"]
[Black "Wissink, Sander"]
[Result "1/2-1/2"]
[WhiteElo "1866"]
[BlackElo "1945"]
[PlyCount "59"]
[EventDate "2009.05.29"]
[EventType "swiss"]
[EventRounds "7"]
[EventCountry "NED"]
[Source "P.Boonen"]
[SourceDate "2010.01.01"]

1. d4 Nf6 2. Nf3 g6 3. Bf4 Bg7 4. e3 O-O 5. Bd3 d6 6. Nbd2 Nbd7 7. c3 Re8 8.
Qc2 e5 9. Bg3 Qe7 10. dxe5 dxe5 11. e4 Nh5 12. O-O-O Qc5 13. Nb3 Qb6 14. Nfd2
Qf6 15. f3 a5 16. a4 Nb6 17. Bf2 Nf4 18. Bf1 Bd7 19. Nc5 Bc6 20. b3 Bf8 21. Kb2
Qe7 22. Ra1 Red8 23. g3 Ne6 24. Nxe6 Qxe6 25. Be3 Nd7 26. h4 Bc5 27. Bc4 Qe8
28. Bg5 Be7 29. Rh2 Nb6 30. Bxe7 1/2-1/2

[Event "ENCI Limburg-open B"]
[Site "Maastricht"]
[Date "2009.06.01"]
[Round "6"]
[White "Spoelstra, Henri"]
[Black "Kuciapa, Andre"]
[Result "0-1"]
[WhiteElo "1717"]
[BlackElo "1819"]
[PlyCount "102"]
[EventDate "2009.05.29"]
[EventType "swiss"]
[EventRounds "7"]
[EventCountry "NED"]
[Source "P.Boonen"]
[SourceDate "2010.01.01"]

1. d4 Nf6 2. Bf4 e6 3. Nf3 c5 4. e3 Nc6 5. c3 Be7 6. Nbd2 Nh5 7. Bg3 cxd4 8.
exd4 O-O 9. Bd3 Nxg3 10. hxg3 f5 11. Qe2 g6 12. O-O-O Bf6 13. Nc4 d6 14. Ne3
Kg7 15. g4 Bd7 16. gxf5 exf5 17. Nd5 Rc8 18. Qd2 h5 19. Nxf6 Qxf6 20. Ng5 Nxd4
21. Kb1 Ne6 22. f4 Nxg5 23. fxg5 Qf7 24. Bc2 Be6 25. a3 Rc6 26. Rhe1 Rb6 27.
Qf4 Bb3 28. Rd2 Bxc2+ 29. Kxc2 Qa2 30. Re7+ Kg8 31. Kc1 Qa1+ 32. Kc2 Qxb2+ 33.
Kd3 Qb5+ 34. Ke3 Qc5+ 35. Qd4 Qxd4+ 36. Kxd4 Rf7 37. Re8+ Kg7 38. Rde2 Rb5 39.
c4 Re5 40. R2xe5 dxe5+ 41. Kxe5 Rc7 42. Kd5 Kf7 43. Re2 Rd7+ 44. Kc5 Rd3 45. a4
Ra3 46. Kb5 Rg3 47. c5 Rxg5 48. a5 f4 49. Rb2 Ke6 50. Kc4 Rg4 51. Rxb7 f3+ 0-1

[Event "ENCI Limburg-open B"]
[Site "Maastricht"]
[Date "2009.06.01"]
[Round "6"]
[White "Swijsen, Lars"]
[Black "Scholzen, Wolfgang"]
[Result "1-0"]
[WhiteElo "1860"]
[BlackElo "2028"]
[PlyCount "67"]
[EventDate "2009.05.29"]
[EventType "swiss"]
[EventRounds "7"]
[EventCountry "NED"]
[Source "P.Boonen"]
[SourceDate "2010.01.01"]

1. e4 e5 2. Nf3 Nc6 3. Nc3 Nf6 4. Bb5 d6 5. d4 exd4 6. Nxd4 Bd7 7. Bxc6 bxc6 8.
Qf3 c5 9. Nf5 Bxf5 10. exf5 Be7 11. Qc6+ Nd7 12. Nb5 O-O 13. Qxc7 Qxc7 14. Nxc7
Rab8 15. Nd5 Bf6 16. Nxf6+ Nxf6 17. f3 Nd5 18. Kd1 Ne7 19. g4 Nc6 20. c3 Ne5
21. Kc2 Nxf3 22. Bf4 Ne5 23. Rad1 Rfd8 24. Rxd6 Rxb2+ 25. Kxb2 Nc4+ 26. Kb3
Nxd6 27. Rd1 Nb7 28. Rxd8+ Nxd8 29. Kc4 Kf8 30. Kxc5 Ke7 31. Bc7 g6 32. f6+ Kd7
33. Bxd8 Kxd8 34. Kd6 1-0

[Event "ENCI Limburg-open B"]
[Site "Maastricht"]
[Date "2009.06.01"]
[Round "6"]
[White "Titgemeyer, Sven"]
[Black "Cox, Jan"]
[Result "1-0"]
[WhiteElo "1889"]
[BlackElo "1771"]
[PlyCount "55"]
[EventDate "2009.05.29"]
[EventType "swiss"]
[EventRounds "7"]
[EventCountry "NED"]
[Source "P.Boonen"]
[SourceDate "2010.01.01"]

1. e4 e5 2. Nf3 Nc6 3. Bb5 a6 4. Ba4 Nf6 5. O-O Be7 6. Re1 b5 7. Bb3 O-O 8. c3
d5 9. exd5 Nxd5 10. Nxe5 Nxe5 11. Rxe5 c6 12. d3 Bd6 13. Re1 Qh4 14. g3 Qh3 15.
Re4 Bd7 16. a4 Rae8 17. axb5 axb5 18. Na3 Rxe4 19. dxe4 Nf6 20. Qxd6 Ng4 21.
Qf4 Bf5 22. Qxf5 Qxh2+ 23. Kf1 Qh1+ 24. Ke2 Nh2 25. Nc2 g6 26. Qf6 Qf1+ 27. Kd2
Ng4 28. Bxf7+ 1-0

[Event "ENCI Limburg-open B"]
[Site "Maastricht"]
[Date "2009.06.01"]
[Round "6"]
[White "Titgemeyer, Thomas"]
[Black "Laarhoven, Marcel"]
[Result "0-1"]
[WhiteElo "1799"]
[BlackElo "1872"]
[PlyCount "28"]
[EventDate "2009.05.29"]
[EventType "swiss"]
[EventRounds "7"]
[EventCountry "NED"]
[Source "P.Boonen"]
[SourceDate "2010.01.01"]

1. d4 Nf6 2. c4 e5 3. dxe5 Ng4 4. Nf3 Bc5 5. e3 Nc6 6. Bd2 O-O 7. Bc3 Qe7 8. a3
a5 9. Be2 Ngxe5 10. Nbd2 Nxf3+ 11. Nxf3 d6 12. O-O Bg4 13. b3 Rfd8 14. Nd4 Bxd4
0-1

[Event "ENCI Limburg-open B"]
[Site "Maastricht"]
[Date "2009.06.01"]
[Round "6"]
[White "Van Liempt, Michael"]
[Black "Broekmeulen, Joris"]
[Result "1-0"]
[WhiteElo "1882"]
[BlackElo "1931"]
[PlyCount "101"]
[EventDate "2009.05.29"]
[EventType "swiss"]
[EventRounds "7"]
[EventCountry "NED"]
[Source "P.Boonen"]
[SourceDate "2010.01.01"]

1. Nf3 Nf6 2. c4 c5 3. Nc3 Nc6 4. b3 d6 5. Bb2 e6 6. e3 Be7 7. Be2 O-O 8. O-O
h6 9. a3 d5 10. cxd5 Nxd5 11. Nxd5 Qxd5 12. Qc2 a6 13. Rfc1 Rd8 14. d4 cxd4 15.
Nxd4 Nxd4 16. Bxd4 Bd6 17. Rd1 Qg5 18. Bb6 Rd7 19. Rac1 Qe7 20. Bd3 Qf8 21. b4
g6 22. Bc4 Be5 23. Bb3 Bf6 24. Ba4 Rxd1+ 25. Rxd1 e5 26. Bb3 Kg7 27. f3 Qe7 28.
Bc5 Qe8 29. Ba4 b5 30. Bb3 Bb7 31. e4 Rd8 32. Rc1 Bc8 33. Bb6 Rd6 34. Qxc8 Qxc8
35. Rxc8 Rxb6 36. Rc7 Bg5 37. Rxf7+ Kh8 38. Rc7 Rd6 39. Bd5 Bf4 40. Kf2 Bg5 41.
Ke2 a5 42. bxa5 Ra6 43. Rc8+ Kg7 44. Ra8 Rxa8 45. Bxa8 Be7 46. Bc6 Bxa3 47.
Bxb5 Kf6 48. Kd3 Bb4 49. a6 Bc5 50. Kc4 Ba7 51. Kd5 1-0

[Event "ENCI Limburg-open B"]
[Site "Maastricht"]
[Date "2009.06.01"]
[Round "6"]
[White "Vandersmissen, Hans"]
[Black "Liekens, Ronny"]
[Result "1/2-1/2"]
[WhiteElo "1792"]
[BlackElo "1889"]
[PlyCount "47"]
[EventDate "2009.05.29"]
[EventType "swiss"]
[EventRounds "7"]
[EventCountry "NED"]
[Source "P.Boonen"]
[SourceDate "2010.01.01"]

1. e4 c5 2. Nc3 Nc6 3. f4 e6 4. Bc4 d6 5. Nf3 Nf6 6. d3 Be7 7. O-O O-O 8. Bb3
a6 9. d4 cxd4 10. Nxd4 Qc7 11. Kh1 Nxd4 12. Qxd4 Qc5 13. Qxc5 dxc5 14. Bc4 b5
15. Be2 Rd8 16. Bf3 Bb7 17. e5 Nd5 18. Nxd5 Bxd5 19. Be3 Bxf3 20. Rxf3 c4 21.
Rff1 Rd5 22. Rfd1 Rad8 23. Rxd5 Rxd5 24. g3 1/2-1/2

[Event "ENCI Limburg-open B"]
[Site "Maastricht"]
[Date "2009.06.01"]
[Round "6"]
[White "Vereggen, Lars"]
[Black "Kloppenburg, Geert"]
[Result "1-0"]
[WhiteElo "1779"]
[BlackElo "1915"]
[PlyCount "173"]
[EventDate "2009.05.29"]
[EventType "swiss"]
[EventRounds "7"]
[EventCountry "NED"]
[Source "P.Boonen"]
[SourceDate "2010.01.01"]

1. e4 c5 2. Nf3 Nc6 3. Nc3 a6 4. a4 g6 5. d4 cxd4 6. Nxd4 Bg7 7. Be3 Nf6 8. Nb3
O-O 9. Be2 d6 10. a5 Be6 11. Bb6 Qd7 12. Nd4 Nxd4 13. Bxd4 Rfc8 14. f3 Rc6 15.
Na4 Qc7 16. Bb6 Qb8 17. c3 Nd7 18. Bd4 Qc7 19. Nb6 Nxb6 20. Bxb6 Rxb6 21. axb6
Qxb6 22. Qd2 Rc8 23. Bd3 Bf6 24. Qf2 Rc5 25. O-O Qc7 26. f4 Bd7 27. Rae1 Rh5
28. Be2 Ra5 29. Ra1 Rc5 30. Rfd1 Bb5 31. Bxb5 Rxb5 32. Rd5 Rb3 33. Rf1 Qc4 34.
Re1 Qc6 35. Rd2 e6 36. Kh1 Rb5 37. Qf3 Qb6 38. Qe2 Rh5 39. Red1 Be7 40. f5 Qc7
41. fxe6 fxe6 42. Qg4 Qc4 43. Qf3 Rh4 44. Rf1 e5 45. Re1 Rf4 46. Qd3 Qc7 47.
Rf1 Rxf1+ 48. Qxf1 Qd7 49. h3 Qe6 50. Qd3 Qf6 51. Rd1 Kg7 52. Rf1 Qh4 53. Qd5
Kh6 54. Qd2+ Bg5 55. Qe2 Bf4 56. Qf3 Kg7 57. Qg4 Qxg4 58. hxg4 Kh6 59. Rd1 Kg5
60. Rxd6 Kxg4 61. Rb6 Be3 62. Rxb7 Kf4 63. Rb4 a5 64. Ra4 Bb6 65. b4 axb4 66.
Rxb4 Be3 67. Kh2 h5 68. Rc4 g5 69. g3+ Kf3 70. Kh3 Bf2 71. Rc8 Bxg3 72. Rf8+
Bf4 73. c4 g4+ 74. Kh4 g3 75. Kh3 Kf2 76. c5 g2 77. Rg8 g1=Q 78. Rxg1 Be3 79.
c6 Bb6 80. Rg7 Kf3 81. c7 Bxc7 82. Rxc7 Kxe4 83. Kg2 Ke3 84. Rh7 Ke2 85. Rxh5
e4 86. Re5 e3 87. Re8 1-0

[Event "ENCI Limburg-open B"]
[Site "Maastricht"]
[Date "2009.06.01"]
[Round "6"]
[White "Whitmire, James David"]
[Black "Ingelaere, Frederic"]
[Result "1-0"]
[WhiteElo "1831"]
[BlackElo "1700"]
[PlyCount "35"]
[EventDate "2009.05.29"]
[EventType "swiss"]
[EventRounds "7"]
[EventCountry "NED"]
[Source "P.Boonen"]
[SourceDate "2010.01.01"]

1. e4 c5 2. Nf3 Nc6 3. d4 cxd4 4. Nxd4 g6 5. Nc3 Bg7 6. Be3 Nf6 7. Bc4 O-O 8.
Bb3 a5 9. f3 Qb6 10. Nf5 Qc7 11. Nxg7 Kxg7 12. Qd2 Rd8 13. O-O-O d6 14. h4 h5
15. Bh6+ Kg8 16. Qg5 Ne5 17. f4 Nh7 18. Nd5 1-0

[Event "ENCI Limburg-open B"]
[Site "Maastricht"]
[Date "2009.06.01"]
[Round "6"]
[White "Willen, Ronny"]
[Black "Heijenrath, Jan"]
[Result "1-0"]
[WhiteElo "1903"]
[BlackElo "1793"]
[PlyCount "105"]
[EventDate "2009.05.29"]
[EventType "swiss"]
[EventRounds "7"]
[EventCountry "NED"]
[Source "P.Boonen"]
[SourceDate "2010.01.01"]

1. e4 c6 2. d4 d5 3. f3 Nf6 4. Nc3 dxe4 5. fxe4 Bg4 6. Nf3 e6 7. Qd3 Bxf3 8.
gxf3 Qc7 9. Be3 Nbd7 10. O-O-O O-O-O 11. Bh3 Kb8 12. Kb1 Ka8 13. Qe2 Nh5 14.
Qf2 Nf4 15. Bf1 Bb4 16. Ne2 Nxe2 17. Bxe2 Bd6 18. e5 Be7 19. c4 f6 20. f4 fxe5
21. dxe5 g5 22. fxg5 Rhf8 23. Qg3 Qa5 24. h4 Nxe5 25. Bf4 Rxd1+ 26. Rxd1 Ng6
27. Bd6 Bxd6 28. Qxd6 Qe5 29. Qxf8+ Nxf8 30. Rd8+ Qb8 31. Rxb8+ Kxb8 32. Bd3
Kc7 33. h5 Kd7 34. g6 hxg6 35. hxg6 Nxg6 36. Bxg6 Kd6 37. Kc2 c5 38. Kd3 Ke5
39. Ke3 a6 40. Bd3 b6 41. a4 a5 42. b3 Kd6 43. Ke4 Kc6 44. Ke5 Kd7 45. Be2 Ke7
46. Bg4 Kd7 47. Bxe6+ Kc7 48. Kd5 Kb7 49. Kd6 Kb8 50. Kc6 Ka7 51. Bc8 Kb8 52.
Ba6 Ka7 53. Bb5 1-0

[Event "ENCI Limburg-open B"]
[Site "Maastricht"]
[Date "2009.06.01"]
[Round "7"]
[White "Andriulevicius, Orestas"]
[Black "Klein, Leo"]
[Result "1-0"]
[WhiteElo "1772"]
[BlackElo "2037"]
[PlyCount "37"]
[EventDate "2009.05.29"]
[EventType "swiss"]
[EventRounds "7"]
[EventCountry "NED"]
[Source "P.Boonen"]
[SourceDate "2010.01.01"]

1. e4 d6 2. d4 Nf6 3. Nc3 c6 4. Nge2 Nbd7 5. g3 e5 6. Bg2 Be7 7. O-O Qc7 8. f4
O-O 9. h3 b5 10. a3 Bb7 11. Kh2 a6 12. g4 Rfe8 13. Ng3 Rad8 14. g5 Nxe4 15.
Ncxe4 d5 16. Nc3 exd4 17. Qxd4 c5 18. Nxd5 Qb8 19. Nxe7+ 1-0

[Event "ENCI Limburg-open B"]
[Site "Maastricht"]
[Date "2009.06.01"]
[Round "7"]
[White "Beeren, Thom"]
[Black "Titgemeyer, Thomas"]
[Result "1-0"]
[WhiteElo "1807"]
[BlackElo "1799"]
[PlyCount "67"]
[EventDate "2009.05.29"]
[EventType "swiss"]
[EventRounds "7"]
[EventCountry "NED"]
[Source "P.Boonen"]
[SourceDate "2010.01.01"]

1. e4 c5 2. Nf3 d6 3. d4 cxd4 4. Nxd4 Nf6 5. Nc3 a6 6. Be3 e5 7. Nb3 Be7 8. Bc4
Nbd7 9. f3 Nb6 10. Be2 Be6 11. Qd2 Rc8 12. g4 Nc4 13. Bxc4 Bxc4 14. h4 b5 15.
h5 b4 16. Na4 Bb5 17. Nb6 Rc6 18. g5 Nd7 19. Nd5 a5 20. Rc1 Bc4 21. Kf2 Bxd5
22. Qxd5 Qc8 23. Nxa5 Rxc2+ 24. Kg3 Nb6 25. Rxc2 Qxc2 26. Bxb6 O-O 27. g6 Qxb2
28. Be3 Qe2 29. Nc6 Qxe3 30. Nxe7+ Kh8 31. Qxd6 Qf4+ 32. Kf2 Ra8 33. Qd5 Rf8
34. gxf7 1-0

[Event "ENCI Limburg-open B"]
[Site "Maastricht"]
[Date "2009.06.01"]
[Round "7"]
[White "Blijlevens, Pim"]
[Black "Guelpen, Markus"]
[Result "1-0"]
[WhiteElo "1941"]
[BlackElo "2032"]
[PlyCount "85"]
[EventDate "2009.05.29"]
[EventType "swiss"]
[EventRounds "7"]
[EventCountry "NED"]
[Source "P.Boonen"]
[SourceDate "2010.01.01"]

1. d4 d5 2. c4 dxc4 3. e4 e5 4. Nf3 exd4 5. Bxc4 Nc6 6. O-O Be6 7. Bb5 Bc5 8.
Qc2 Bb6 9. Rd1 Nge7 10. Ne5 O-O 11. Nxc6 Nxc6 12. Bxc6 bxc6 13. Qxc6 Qh4 14.
Rd3 Rad8 15. Nd2 Rd6 16. Qc2 f5 17. e5 Rd5 18. Nf3 Qe4 19. Bg5 h6 20. Re1 Qg4
21. Be7 Re8 22. Ba3 c5 23. Nd2 f4 24. Nf3 Qf5 25. b3 Qf7 26. Rdd1 g5 27. Nd2
Bf5 28. Qc4 Rdxe5 29. Rxe5 Rxe5 30. Qb5 Qe7 31. Nf3 Re2 32. Rc1 Rxa2 33. Nxd4
Bd7 34. Qc4+ Kf8 35. Nc2 Bf5 36. h3 Bxc2 37. Rxc2 Rxa3 38. Re2 Ra1+ 39. Kh2 Rc1
40. Qd3 Qf6 41. Qd7 Qd8 42. Qf5+ Kg7 43. Re6 1-0

[Event "ENCI Limburg-open B"]
[Site "Maastricht"]
[Date "2009.06.01"]
[Round "7"]
[White "Bruls, Peter"]
[Black "Scholzen, Wolfgang"]
[Result "0-1"]
[WhiteElo "1837"]
[BlackElo "2028"]
[PlyCount "40"]
[EventDate "2009.05.29"]
[EventType "swiss"]
[EventRounds "7"]
[EventCountry "NED"]
[Source "P.Boonen"]
[SourceDate "2010.01.01"]

1. c4 Nf6 2. g3 e6 3. Bg2 d5 4. d4 c6 5. Nf3 Bd6 6. Qc2 O-O 7. Nbd2 Re8 8. O-O
Nbd7 9. b3 e5 10. dxe5 Nxe5 11. Bb2 dxc4 12. Nxc4 Nxc4 13. Qxc4 Be6 14. Qc3 Bd5
15. Rfe1 Qb6 16. Nd2 Bb4 17. Qc1 Bxg2 18. Kxg2 Qa5 19. Nc4 Qd5+ 20. e4 Nxe4 0-1

[Event "ENCI Limburg-open B"]
[Site "Maastricht"]
[Date "2009.06.01"]
[Round "7"]
[White "Cox, Jan"]
[Black "Hesselmann, Hans"]
[Result "1-0"]
[WhiteElo "1771"]
[BlackElo "1870"]
[PlyCount "69"]
[EventDate "2009.05.29"]
[EventType "swiss"]
[EventRounds "7"]
[EventCountry "NED"]
[Source "P.Boonen"]
[SourceDate "2010.01.01"]

1. e4 e5 2. Nf3 Nc6 3. Nc3 Bc5 4. Nxe5 Bxf2+ 5. Kxf2 Nxe5 6. d4 Ng6 7. Bc4 c6
8. Rf1 d6 9. Kg1 f6 10. Qh5 Qe7 11. Bxg8 Rxg8 12. Qxh7 Kf7 13. Qh5 Rh8 14. Qf3
Qd7 15. Bf4 Rh4 16. Bg3 Rg4 17. Rae1 b6 18. e5 dxe5 19. dxe5 Qd4+ 20. Kh1 Bb7
21. Rd1 Rxg3 22. Qxg3 Qc4 23. e6+ Qxe6 24. Qc7+ Kg8 25. Qxb7 Re8 26. Rd7 Ne7
27. Qc7 Nf5 28. Rd8 Rxd8 29. Qxd8+ Kh7 30. Qd3 g6 31. Qe4 Qc8 32. Re1 b5 33.
Qe8 Qc7 34. Ne4 Kg7 35. Rd1 1-0

[Event "ENCI Limburg-open B"]
[Site "Maastricht"]
[Date "2009.06.01"]
[Round "7"]
[White "Dalemans, Diana"]
[Black "Goes, Dirk"]
[Result "1/2-1/2"]
[WhiteElo "1852"]
[BlackElo "1973"]
[PlyCount "39"]
[EventDate "2009.05.29"]
[EventType "swiss"]
[EventRounds "7"]
[EventCountry "NED"]
[Source "P.Boonen"]
[SourceDate "2010.01.01"]

1. e4 Nf6 2. e5 Nd5 3. d4 d6 4. c4 Nb6 5. Nf3 Bg4 6. h3 Bxf3 7. Qxf3 dxe5 8.
dxe5 Nc6 9. e6 f6 10. Na3 Qd6 11. Nb5 Qxe6+ 12. Be2 O-O-O 13. Bf4 Nd4 14. Nxd4
Rxd4 15. Be3 Rd8 16. O-O Qc6 17. Qxc6 bxc6 18. Rad1 Rxd1 19. Rxd1 e6 20. Kf1
1/2-1/2

[Event "ENCI Limburg-open B"]
[Site "Maastricht"]
[Date "2009.06.01"]
[Round "7"]
[White "De Freytas, Paul"]
[Black "Probst, Patrick"]
[Result "0-1"]
[WhiteElo "1896"]
[BlackElo "1985"]
[PlyCount "76"]
[EventDate "2009.05.29"]
[EventType "swiss"]
[EventRounds "7"]
[EventCountry "NED"]
[Source "P.Boonen"]
[SourceDate "2010.01.01"]

1. g3 d6 2. Bg2 f5 3. c4 Nf6 4. Nc3 g6 5. d4 Bg7 6. e3 O-O 7. Nge2 c6 8. O-O
Qe8 9. b4 e5 10. Qb3 Kh8 11. a4 g5 12. Ba3 Rg8 13. b5 Bf8 14. Rad1 e4 15. bxc6
bxc6 16. d5 c5 17. Nb5 Qd8 18. Bb2 Nbd7 19. f3 a6 20. Nbc3 Rb8 21. Qc2 exf3 22.
Bxf3 Ne5 23. Na2 Qe7 24. Rb1 Bg7 25. Bxe5 Rxb1 26. Rxb1 Qxe5 27. Qd3 Re8 28.
Nac3 Ne4 29. Bxe4 fxe4 30. Qd2 Bh3 31. Kh1 Rf8 32. Ng1 Bg4 33. Na2 h5 34. Qg2
Bf3 35. Nxf3 exf3 36. Qf2 Qe4 37. Rc1 Rb8 38. Nc3 Bxc3 0-1

[Event "ENCI Limburg-open B"]
[Site "Maastricht"]
[Date "2009.06.01"]
[Round "7"]
[White "De Ridder, Dieter"]
[Black "Hollands, Maxim"]
[Result "0-1"]
[WhiteElo "1882"]
[BlackElo "1748"]
[PlyCount "66"]
[EventDate "2009.05.29"]
[EventType "swiss"]
[EventRounds "7"]
[EventCountry "NED"]
[Source "P.Boonen"]
[SourceDate "2010.01.01"]

1. e4 d6 2. Nc3 Nf6 3. g3 g6 4. Bg2 Bg7 5. d3 Nc6 6. Nge2 e5 7. O-O O-O 8. h3
Ne8 9. Nd5 Ne7 10. c4 f5 11. Nec3 c6 12. Nxe7+ Qxe7 13. exf5 gxf5 14. f4 Qf7
15. Be3 Kh8 16. Rb1 Rg8 17. Ne2 Bh6 18. b4 Nf6 19. b5 d5 20. Qd2 e4 21. Rfc1
Nh5 22. Kh2 Qg6 23. Bd4+ Bg7 24. Bf2 Be6 25. bxc6 bxc6 26. Rb7 exd3 27. Qxd3
dxc4 28. Qa3 Bd5 29. Rxa7 Rae8 30. Nd4 Bxg2 31. Kxg2 Nxf4+ 32. Kf3 Nd3 33. Rxc4
Ne5+ 0-1

[Event "ENCI Limburg-open B"]
[Site "Maastricht"]
[Date "2009.06.01"]
[Round "7"]
[White "Ducarmon, Renzo"]
[Black "Herzet, Serge"]
[Result "1-0"]
[WhiteElo "1670"]
[BlackElo "1851"]
[PlyCount "115"]
[EventDate "2009.05.29"]
[EventType "swiss"]
[EventRounds "7"]
[EventCountry "NED"]
[Source "P.Boonen"]
[SourceDate "2010.01.01"]

1. e4 c5 2. Nc3 e6 3. Bc4 a6 4. a4 Nf6 5. d3 d5 6. Bb3 dxe4 7. dxe4 Qxd1+ 8.
Kxd1 Nc6 9. Be3 b6 10. Nf3 Bb7 11. Ke2 Be7 12. Rhd1 O-O 13. Bf4 Rac8 14. h3 Nb4
15. Nd2 Nc6 16. Nf3 Rfe8 17. g4 h6 18. Ke3 Na5 19. Bd6 c4 20. Ba2 Bd8 21. Ne5
b5 22. f3 Bb6+ 23. Ke2 Nc6 24. Nxc6 Bxc6 25. axb5 axb5 26. b3 Ba5 27. b4 Bd8
28. Bb1 Nd7 29. Kf1 Bf6 30. Ra3 Ne5 31. Ne2 Ra8 32. Rxa8 Rxa8 33. Nd4 Be8 34.
f4 Ng6 35. e5 Bd8 36. Ne2 Ne7 37. Bc5 Nd5 38. c3 Rc8 39. Kg1 Bc7 40. Be4 Rd8
41. Bxd5 exd5 42. Ra1 g5 43. Bd4 gxf4 44. Nxf4 Rd7 45. Ra8 Bd8 46. Rb8 Kh7 47.
Rxb5 Bg5 48. Nxd5 Rd8 49. Ra5 Bc6 50. Nb6 Rxd4 51. cxd4 c3 52. Rc5 Be3+ 53. Kf1
Bb7 54. Rxc3 Bxd4 55. Rc7 Ba6+ 56. Nc4 Bxe5 57. Rc6 Bb5 58. Rc5 1-0

[Event "ENCI Limburg-open B"]
[Site "Maastricht"]
[Date "2009.06.01"]
[Round "7"]
[White "Ekat, Michael"]
[Black "Klein, Gernot"]
[Result "1-0"]
[WhiteElo "1930"]
[BlackElo "1891"]
[PlyCount "62"]
[EventDate "2009.05.29"]
[EventType "swiss"]
[EventRounds "7"]
[EventCountry "NED"]
[Source "P.Boonen"]
[SourceDate "2010.01.01"]

1. e4 c5 2. d4 cxd4 3. c3 dxc3 4. Nxc3 e6 5. Nf3 a6 6. Bc4 Nc6 7. O-O Nge7 8.
Bg5 f6 9. Be3 Ng6 10. Qe2 Be7 11. Rfd1 Qc7 12. Rac1 Qb8 13. a3 b5 14. Ba2 O-O
15. Nd5 Bd8 16. Nb4 Nxb4 17. axb4 Kh8 18. Bc5 Be7 19. Nh4 Bxc5 20. Nxg6+ hxg6
21. bxc5 Qe5 22. Rc3 Kg8 23. Rd5 Qf4 24. b4 Rb8 25. Rf3 Qc7 26. Qd3 Rd8 27. e5
f5 28. Rd6 a5 29. Bxe6+ dxe6 30. Rxd8+ Kf7 31. Qd6 Qa7 1-0

[Event "ENCI Limburg-open B"]
[Site "Maastricht"]
[Date "2009.06.01"]
[Round "7"]
[White "Hauglustaine, Sander"]
[Black "Sewalt, Vincent"]
[Result "1-0"]
[WhiteElo "1667"]
[BlackElo "1954"]
[PlyCount "43"]
[EventDate "2009.05.29"]
[EventType "swiss"]
[EventRounds "7"]
[EventCountry "NED"]
[Source "P.Boonen"]
[SourceDate "2010.01.01"]

1. e4 c5 2. c3 e5 3. Nf3 Nf6 4. d3 Nc6 5. Bg5 Be7 6. Qa4 a6 7. Nbd2 b5 8. Qc2
Bb7 9. Be2 O-O 10. Nh4 h6 11. Bxf6 Bxf6 12. Nf5 Ne7 13. g4 Kh7 14. Nf3 g6 15.
g5 hxg5 16. h4 g4 17. Ng5+ Kh8 18. Nd6 Kg7 19. Qd2 Bc6 20. h5 Bxg5 21. Qxg5 Nf5
22. Nxf5+ 1-0

[Event "ENCI Limburg-open B"]
[Site "Maastricht"]
[Date "2009.06.01"]
[Round "7"]
[White "Heijenrath, Jan"]
[Black "Broekhuis, Jan"]
[Result "0-1"]
[WhiteElo "1793"]
[BlackElo "1890"]
[PlyCount "60"]
[EventDate "2009.05.29"]
[EventType "swiss"]
[EventRounds "7"]
[EventCountry "NED"]
[Source "P.Boonen"]
[SourceDate "2010.01.01"]

1. d4 d5 2. c4 e6 3. Nc3 Nf6 4. Bg5 Nbd7 5. cxd5 exd5 6. Qc2 c6 7. Nf3 Qa5 8.
Bd2 Qd8 9. e3 Be7 10. Bd3 O-O 11. O-O Re8 12. Rac1 Nf8 13. Rfe1 Bg4 14. Ne5 Bh5
15. h3 Bg6 16. Nxg6 Nxg6 17. Na4 Bd6 18. Nc5 b6 19. Nb3 Rc8 20. Bf5 Rc7 21. f3
Bg3 22. Re2 Nh4 23. Bd3 g6 24. Be1 Qd6 25. a3 Nh5 26. Qd1 Rce7 27. f4 Rxe3 28.
Rxe3 Rxe3 29. Bb4 Qxf4 30. Rxc6 Qf2+ 0-1